000
00317nam a2200133Ia 4500
005
20251222155157.0
008
251222s9999||||xx |||||||||||||| ||spa||
082
_a
ETI.111
100
_a
Dr. Jerome Lejaure.
245
0
_a
Qué es el embrIón humano
250
_a
1ra. ed.
264
_b
Ediciones Rialp
942
_c
LIB
999
_c
39787
_d
39787